Normal view MARC view
  • MANAGEMENT INFORMATION SYSTEMS DECISION SUPPORT SYSTEMS BUSINESS COMPUTER PROGRAMS DATA BASE MANAGEMENT BUSINESS REPORT WRITING ELECTRONIC SPREDSHEETS MIS

Entry Topical Term

Number of records used in: 1

001 - CONTROL NUMBER

  • control field: 56308

003 - CONTROL NUMBER IDENTIFIER

  • control field: NUST

005 - DATE AND TIME OF LATEST TRANSACTION

  • control field: 20210628201656.0

008 - FIXED-LENGTH DATA ELEMENTS

  • fixed length control field: 210628|| aca||aabn | a|a d

040 ## - CATALOGING SOURCE

  • Original cataloging agency: NUST
  • Transcribing agency: NUST

150 ## - HEADING--TOPICAL TERM

  • Topical term or geographic name entry element: MANAGEMENT INFORMATION SYSTEMS DECISION SUPPORT SYSTEMS BUSINESS COMPUTER PROGRAMS DATA BASE MANAGEMENT BUSINESS REPORT WRITING ELECTRONIC SPREDSHEETS MIS

670 ## - SOURCE DATA FOUND

  • Source citation: Work cat.: (NUST): Hayen, Roger 56307, Software tools for business an information systems approach, 1994
© 2023 Central Library, National University of Sciences and Technology. All Rights Reserved.